Beyond Micro-Credit (Record no. 14333)

MARC details
000 -LEADER
fixed length control field 00553nam a2200217 a 4500
020 ## - INTERNATIONAL STANDARD BOOK NUMBER
ISBN 8178291711
082 00 - DEWEY DECIMAL CLASSIFICATION NUMBER
Classification number 330
Author Cutter FIS
100 ## - MAIN ENTRY--AUTHOR NAME
Author name Fisher, Thomas
245 ## - TITLE STATEMENT
Title Beyond Micro-Credit
Sub title putting Develompent Bank into Micro-Finance
260 ## - PUBLICATION, DISTRIBUTION, ETC. (IMPRINT)
Place of publication Delhi
Name of publisher Sage Pub
Year of publication 2002
300 ## - PHYSICAL DESCRIPTION
Number of Pages 390p
500 ## - GENERAL NOTE
General note includes index and biblioraphy
650 ## - SUBJECT ADDED ENTRY--TOPICAL TERM
Topical Term Economics
942 ## - ADDED ENTRY ELEMENTS (KOHA)
Koha item type Books
Holdings
Collection code Home library Current library Date acquired Cost, normal purchase price Full call number Accession Number Koha item type
  Henry Martyn Institute Library Henry Martyn Institute Library 04/13/2007 395.00 330 FIS 021543 Books
                   Copyright © 2026 | Henry Martyn Institute | Hyderabad | TS-500052 | INDIA | Implemented by hmi.edu.in
Hit-Count:

Powered by Koha